LEADER 01530cam0-22003251i-450- 001 990004772060403321 005 20140304141515.0 035 $a000477206 035 $aFED01000477206 035 $a(Aleph)000477206FED01 035 $a000477206 100 $a19990604d1824----km-y0itay50------ba 101 0 $agrc 102 $aDE 140 $aa-------------------bb0----- 200 1 $aTheocriti, Bionis et Moschi Quae supersunt, graece, cum scholiis graecis. Textum ... exprimi curavit, carminum argumenta indicavit, varias codicum ms. et add. vett. lectiones, conjecturasque virorum doctorum subjunxit, indices locupletissimos adjecit Joannes Augustus Jacobs. Tomus I 210 $aHalae$cin libraria Orphanotrophei$d1824$eHalae$gtypis Orphanotrophei 215 $aCCXVI, 504 p.$d20 cm 676 $a881.02$v22$zita 700 1$aTheocritus Syracusanus$f$05766 701 1$aBion :$cSmyrnaeus$f<2. saec. a. C.>$0296943 701 1$aMoschus :$cSyracusius$f$0194728 702 1$aJacobs,$bJoannes Augustus 801 0$aIT$bUNINA$gRICA$2UNIMARC 901 $aAQ 912 $a990004772060403321 952 $aSG 880/B 94$bR. Bibl. 6844$fFLFBC 959 $aFLFBC 996 $aTheocriti, Bionis et Moschi Quae supersunt, graece, cum scholiis graecis. Textum ... exprimi curavit, carminum argumenta indicavit, varias codicum ms. et add. vett. lectiones, conjecturasque virorum doctorum subjunxit, indices locupletissimos adjecit Joannes Augustus Jacobs. Tomus I$9559529 997 $aUNINA LEADER 00994nam 2200361 450 001 9910155856703321 005 20230807213122.0 010 $a1-77667-383-2 035 $a(CKB)3710000000976969 035 $a(MiAaPQ)EBC4771531 035 $a(EXLCZ)993710000000976969 100 $a20170106h20152015 uy| 1 101 0 $aeng 135 $aurcnu|||||||| 181 $2rdacontent 182 $2rdamedia 183 $2rdacarrier 200 14$aThe Bobbsey Twins on a houseboat /$fLaura Lee Hope 210 1$a[Auckland] :$cThe Floating Press,$d[2015] 210 4$dİ2015 215 $a1 online resource (180 pages) 606 $aDetective and mystery stories 606 $aTwins$vFiction 615 0$aDetective and mystery stories. 615 0$aTwins 700 $aHope$b Laura Lee$0829635 801 0$bMiAaPQ 801 1$bMiAaPQ 801 2$bMiAaPQ 906 $aBOOK 912 $a9910155856703321 996 $aThe Bobbsey Twins on a houseboat$93406749 997 $aUNINA